Informe de actividad resumido de 1969 a 1972: punto 3 a del orden del día provisional dela comisión general

Zapisane w:
Opis bibliograficzny
Korporacja: Comité Internacional de la Cruz Roja (Autor)
Format: Książka
Język:hiszpański
Wydane: Ginebra Comité Internacional de la Cruz Roja 1973
Hasła przedmiotowe:
Etykiety: Dodaj etykietę
Nie ma etykietki, Dołącz pierwszą etykiete!

MARC

LEADER 00000nam a2200000 a 4500
001 UCT9516
003 CL-VaPUC
005 20231117122543.0
008 970404e19730000sz 1 spa d
082 0 4 |a 341.6  |b COM  |2 21 
110 2 |a Comité Internacional de la Cruz Roja  |e author  |9 618295 
245 1 0 |a Informe de actividad resumido de 1969 a 1972: punto 3 a del orden del día provisional dela comisión general 
260 |a Ginebra  |b Comité Internacional de la Cruz Roja  |c 1973 
300 |a 24 p 
583 |a last modification  |c 19970404 00:00:00  |k Rodrigo Vera 
650 0 7 |a CRUZ ROJA  |2 CL-VaPUC  |9 618296 
650 0 7 |a COMITE INTERNACIONAL DE LA CRUZ ROJA  |2 CL-VaPUC  |9 618297 
650 0 0 |a Relaciones Internacionales  |9 255740 
650 0 0 |a Informes  |9 334810 
942 |c BK 
945 |a lriquelm  |d 19970404 00:00:00 
546 |a En Español 
518 |p Conferencia Internacional de la Cruz Roja, XXII, Teherán, Noviembre de 1973 
999 |c 382881  |d 382879 
952 |0 0  |1 0  |2 ddc  |4 0  |6 341_600000000000000_COM_1973  |7 0  |8 A  |9 504817  |a BIBDER  |b BIBDER  |d 2020-01-23  |i 1822756  |o 341.6 COM 1973  |p 1822756  |r 2023-01-25  |w 2020-01-23  |y MX  |k DER